A Regionális Fejlesztési Operatív Program helyzete és az 1.1 és az 1.2 intézkedés végrehajtásának tanulságai a dél-alföldi régióra vetítve
Elmentve itt :
| Szerző: | |
|---|---|
| További közreműködők: | |
| Dokumentumtípus: | Szakdolgozat |
| Megjelent: |
2007
|
| Kulcsszavak: | Európai Unió Regionális politika Regionális Operatív Pongram Pályázat Dél-Alföld |
| Tárgyszavak: | |
| Online Access: | http://diploma.bibl.u-szeged.hu/102139 |
| LEADER | 00900nta a2200253 i 4500 | ||
|---|---|---|---|
| 001 | dipl102139 | ||
| 005 | 20211126134138.0 | ||
| 008 | 211126s2007 hu om 0|| zxx d | ||
| 040 | |a SZTE Diploma Repozitórium |b hun | ||
| 041 | |a zxx | ||
| 100 | 1 | |a Pap Aranka | |
| 245 | 1 | 2 | |a A Regionális Fejlesztési Operatív Program helyzete és az 1.1 és az 1.2 intézkedés végrehajtásának tanulságai a dél-alföldi régióra vetítve |h [elektronikus dokumentum] / |c Aranka Pap |
| 260 | |c 2007 | ||
| 300 | |a 61 | ||
| 650 | 4 | |a Gazdaságtudományok | |
| 650 | 4 | |a Social sciences | |
| 650 | 4 | |a Other social sciences | |
| 695 | |a Európai Unió | ||
| 695 | |a Regionális politika | ||
| 695 | |a Regionális Operatív Pongram | ||
| 695 | |a Pályázat | ||
| 695 | |a Dél-Alföld | ||
| 700 | 1 | |a Kis Krisztián |e ths | |
| 856 | 4 | 0 | |u http://diploma.bibl.u-szeged.hu/id/eprint/102139/1/2007_pap_aranka.pdf |z Dokumentum-elérés |